| 000 | 00640nam a2200229Ia 4500 | ||
|---|---|---|---|
| 003 | OSt | ||
| 005 | 20230424095727.0 | ||
| 008 | 210423s1995 xx 000 0 und d | ||
| 020 | _a121821536 | ||
| 040 | _cAL | ||
| 041 | _aeng | ||
| 082 | _a574.1925 ABEJ | ||
| 100 |
_aABELSON (John N);SIMON (Melvin I). _991826 |
||
| 245 |
_aMethods in enzymology Vol 289: solid-phase peptide synthesis _cGregg B Fields |
||
| 260 |
_aSan Diego _bAcademic Press _c1995 |
||
| 300 |
_axxx,780 _bHB |
||
| 365 |
_b9057.52 _cUSD |
||
| 440 | _v289 | ||
| 650 |
_aEnzymes _991827 |
||
| 906 | _aenzymology ; enzymology. ; Methods ; V289. | ||
| 942 |
_2ddc _cBK |
||
| 999 |
_c162510 _d162510 |
||